000 00414nam a22001697a 4500
003 OSt
005 20211119085623.0
008 211119b |||||||| |||| 00| 0 eng d
020 _a1567064914
040 _cH U
082 _a351.7244
100 _aKLEIN, WILLIAM A.
_919426
245 _aFEDERAL INCOME TAXATION
260 _aNEW YORK
_bA DIVISION OF ASPEN
_c1997
300 _a490
942 _2ddc
_cBOOKS
_n0
999 _c19154
_d19154